000
00305nam a2200109 4500
008
b xx# fre u
040
_a
LB-BrCRDP
082
1
_a
372.9
_b
FER
245
1
0
_a
Faire de la géographie à l'école
_c
Robert Ferras
942
_c
BK
999
_c
9676
_d
9676